<The> great contractions in Russia, the Baltics and the other countries of the former Soviet Union <a> viev from the supply side

Gespeichert in:
Bibliographische Detailangaben
1. Verfasser: Broeck, Mark De
Weitere Verfasser: Koen, Vincent
Format: Buch
Sprache:Englisch
Veröffentlicht: Washington International Monetary Fund 2000
Schriftenreihe:IMF Working Paper WP/00/32
Schlagworte:
Tags: Tag hinzufügen
Keine Tags, Fügen Sie das erste Tag hinzu!

MARC

LEADER 00000nam a2200000 4500
001 c124151
005 20221221082526.4
041 0 |a eng 
044 |a US 
245 1 0 |a <The> great contractions in Russia, the Baltics and the other countries of the former Soviet Union  |b <a> viev from the supply side  |c Mark De Broeck and Vincent Koen 
264 1 |a Washington  |b International Monetary Fund  |c 2000 
300 |a 37 s. 
490 1 |a IMF Working Paper  |v WP/00/32 
830 0 |a IMF Working Paper  |v WP/00/32 
610 2 0 |a výroba 
610 2 0 |a transformácia 
610 2 0 |a rast hospodársky 
610 2 0 |a rast produktivity práce 
610 2 0 |a produktivita 
610 2 0 |a Rusko 
610 2 0 |a ZSSR 
100 1 |a Broeck, Mark De 
700 1 |a Koen, Vincent